| 000 | 00557nam a2200181Ia 4500 | ||
|---|---|---|---|
| 999 |
_c8125 _d8125 |
||
| 003 | OSt | ||
| 005 | 20200122131829.0 | ||
| 008 | 190216s9999||||xx |||||||||||||| ||und|| | ||
| 020 | _a9788131759202 | ||
| 040 | _coclc | ||
| 082 |
_a332.6320973 _bRAN/S |
||
| 100 |
_aRanganatham, M _91383 |
||
| 245 | 0 |
_aSecurity Analysis And Portfolio Management / _cM Ranganatham ; R Madhumathi |
|
| 250 | _a2nd ed. | ||
| 260 |
_bPearson Education Asia, _c2015. _aDelhi: |
||
| 300 | _a766p | ||
| 942 |
_cBK _2ddc _h332.6320973 _iRAN/S _k332.6320973 _mRAN/S |
||